Mediácia v samospráve vo všeobecnosti

Vymedzenie pojmu mediácia. Mediácia v samospráve. Mediácia ako nástroj komunikácie s občanom.

Enregistré dans:
Détails bibliographiques
Auteur principal: Kutlík, František
Format: Chapitre de livre
Langue:slovaque
Sujets:
Tags: Ajouter un tag
Pas de tags, Soyez le premier à ajouter un tag!

MARC

LEADER 00000naa a2200000 4500
001 0239749
005 20220805074341.7
041 0 |a slo 
044 |a SK 
245 1 0 |a Mediácia v samospráve vo všeobecnosti  |c František Kutlík 
520 |a Vymedzenie pojmu mediácia. Mediácia v samospráve. Mediácia ako nástroj komunikácie s občanom. 
610 2 0 |a mediácia 
610 2 0 |a mediátori 
610 2 0 |a pojmy 
610 2 0 |a správa verejná 
610 2 0 |a komunikácia 
100 1 |a Kutlík, František